| 000 | 00961nmc a2200361 a 4500 | ||
|---|---|---|---|
| 003 | AR-BaBNM | ||
| 005 | 20251128205755.0 | ||
| 008 | 118019s1995 ||||||||||||||000 | spa|| | ||
| 020 | _a84-7043-715-1 | ||
| 040 | _cAR-BaBNM | ||
| 100 | 1 | _aZamora, Angel | |
| 245 | 1 | 0 | _aDanzas del mundo |
| 260 |
_aMadrid _bCCS _c1995 |
||
| 300 | 0 |
_a231 p. _bil. |
|
| 490 | 0 |
_aMateriales para educadores _vv. 12 |
|
| 500 | 0 | _aContiene las partituras musicales de las danzas citadas en el texto | |
| 500 | 0 | _aDiscografía: p. 226 | |
| 504 | _aBibliografía: p. 223-225 | ||
| 650 | 4 | _aEDUCACION MUSICAL | |
| 650 | 4 | _aDANZAS FOLKLORICAS | |
| 650 | 4 | _aMUSICA FOLKLORICA | |
| 650 | 4 | _aOBJETIVOS EDUCACIONALES | |
| 650 | 4 | _aRITMO | |
| 651 | 4 | _aEuropa | |
| 651 | 4 | _aAmérica Latina | |
| 651 | 4 | _aAsia | |
| 651 | 4 | _aMedio Oriente | |
| 651 | 4 | _aAmérica del Norte | |
| 653 | 0 | _aMOTRICIDAD | |
| 653 | 0 | _aEXPRESION CORPORAL | |
| 942 | _cBK | ||
| 998 | _carturo | ||
| 999 |
_c12759 _d12759 |
||